000 00779nam a2200229 4500
001 139799
003 ES-MaACL
007 t|
008 070214s1947 sp r ||||1| spa d
100 1 _aSchinz, Hans Rudolf.
_9104379
245 1 0 _aRöntgendiagnóstico /
_cpor H. R. Schinz, W. Baensch y E. Frield ; con la colaboración de H. Franke... [et al.].
250 _a4ª ed., completamente reformada y aum.
260 _aBarcelona :
_bSalvat,
_c1947.
300 _a2 v., 10, X, III lám. :
_bil. ;
_c26 cm.
500 _aContiene: I . Esqueleto ------ II . Organos internos.
700 1 _aBaensch, W.
_924591
700 1 _aFriedl, E.
_952623
700 1 _aFranke, H.
_952318
740 0 _aEsqueleto.
740 0 _aOrganos internos.
852 _aES-MaACL
_jE-57-58
_bR.25932
999 _c139799
_d139799